[Event "SVK-chT1E 2223"]
[Site "Slovakia"]
[Date "2023.03.11"]
[Round "10.7"]
[White "Ropovik, Samuel"]
[Black "Nemergut, Matej"]
[Result "0-1"]
[WhiteElo "1761"]
[BlackElo "2046"]
[PlyCount "56"]
[EventDate "2022.10.15"]
[EventType "team-tourn"]
[EventRounds "11"]
[EventCountry "SVK"]
[SourceTitle "EXT 2024"]
[Source "ChessBase"]
[SourceDate "2023.10.10"]
[SourceVersion "1"]
[SourceVersionDate "2023.10.10"]
[SourceQuality "1"]
[WhiteTeam "Humenne Reinter II"]
[BlackTeam "Kezmarok KdV"]
[WhiteTeamCountry "SVK"]
[BlackTeamCountry "SVK"]

1. e4 Nf6 2. e5 Nd5 3. d4 d6 4. Bc4 e6 5. Nf3 Nc6 6. 0-0 Be7 7. Re1 Nb6 8. Bd3 g5 9. exd6 cxd6 10. c3 Bd7 11. Na3 g4 12. Nd2 h5 13. Ne4 f5 14. Nd2 0-0 15. Nac4 Nd5 16. Nf1 a6 17. Ng3 b5 18. Ne3 Nf6 19. d5 f4 20. dxc6 fxe3 21. cxd7 exf2+ 22. Kxf2 Qb6+ 23. Be3 Nd5+ 24. Nf5 Nxe3 25. Rxe3 Bg5 26. Ke2 Rxf5 27. Bxf5 Qxe3+ 28. Kf1 Rf8 0-1

[Event "Lesnica Pieniny op"]
[Site "Lesnica"]
[Date "2022.04.10"]
[Round "4"]
[White "Lecky, Juraj"]
[Black "Nemergut, Matej"]
[Result "1/2-1/2"]
[WhiteElo "2067"]
[BlackElo "2059"]
[PlyCount "61"]
[EventDate "2022.04.08"]
[EventType "swiss"]
[EventRounds "7"]
[EventCountry "SVK"]
[SourceTitle "CBM 207 Extra"]
[Source "ChessBase"]
[SourceDate "2022.05.31"]
[SourceVersion "1"]
[SourceVersionDate "2022.05.31"]
[SourceQuality "1"]

1. Nf3 f5 2. d4 Nf6 3. Bg5 e6 4. Nbd2 Be7 5. Bxf6 Bxf6 6. e4 b6 7. Bd3 g6 8. Qe2 Qe7 9. c3 Bb7 10. 0-0-0 c5 11. e5 Bg5 12. Kb1 Bxd2 13. Rxd2 Nc6 14. dxc5 Qxc5 15. Rhd1 0-0 16. Bc2 Bc8 17. h4 Qe7 18. g3 a5 19. Qe3 a4 20. h5 a3 21. b3 Qc5 22. hxg6 hxg6 23. Qh6 Nxe5 24. Nxe5 Qxe5 25. Qxg6+ Qg7 26. Qxg7+ Kxg7 27. Rd6 Rb8 28. f4 Kf6 29. Bd3 Rg8 30. Rg1 Ke7 31. Rd4 1/2-1/2

[Event "Stara Lubovna op"]
[Site "Stara Lubovna"]
[Date "2014.04.11"]
[Round "6"]
[White "Nemergut, Matej"]
[Black "Peterson, Eric"]
[Result "0-1"]
[WhiteElo "1977"]
[BlackElo "2186"]
[PlyCount "58"]
[EventDate "2014.04.06"]
[EventType "swiss"]
[EventRounds "7"]
[EventCountry "SVK"]
[SourceTitle "CBM 160 Extra"]
[Source "ChessBase"]
[SourceDate "2014.07.01"]
[SourceVersion "1"]
[SourceVersionDate "2014.07.01"]
[SourceQuality "1"]

1. d4 e6 2. c4 d5 3. Nf3 Nf6 4. e3 c5 5. Nc3 cxd4 6. exd4 Be7 7. Bd3 dxc4 8. Bxc4 a6 9. a4 Nc6 10. 0-0 0-0 11. Re1 b6 12. Bg5 Bb7 13. Rc1 Nb4 14. Ne5 Nbd5 15. Qe2 Qd6 16. Bd3 h6 17. Nc4 Qc6 18. Bxf6 Nxf6 19. f3 Rfd8 20. Ne5 Qd6 21. Kh1 Re8 22. Red1 Qb4 23. Bc4 Bd6 24. b3 Nd5 25. Qb2 Ne3 26. Rd2 Rac8 27. Nd3 Nxc4 28. bxc4 Qxb2 29. Nxb2 Bf4 0-1

[Event "SVK-chT 1314"]
[Site "Slovakia"]
[Date "2014.03.08"]
[Round "7.8"]
[White "Kovac, Andrej"]
[Black "Nemergut, Matej"]
[Result "0-1"]
[WhiteElo "2171"]
[BlackElo "1946"]
[PlyCount "124"]
[EventDate "2013.11.09"]
[EventType "team-tourn"]
[EventRounds "11"]
[EventCountry "SVK"]
[SourceTitle "EXT 2015"]
[Source "ChessBase"]
[SourceDate "2014.11.20"]
[SourceVersion "1"]
[SourceVersionDate "2014.11.20"]
[SourceQuality "1"]
[WhiteTeam "Bratislava Slovan II"]
[BlackTeam "Stara Lubovna"]
[WhiteTeamCountry "SVK"]
[BlackTeamCountry "SVK"]

1. Nf3 f5 2. g3 Nf6 3. Bg2 g6 4. 0-0 Bg7 5. d4 0-0 6. c4 d6 7. Nc3 c6 8. Rb1 Qe8 9. d5 Na6 10. b4 Bd7 11. Qb3 Nc7 12. Rd1 Rc8 13. dxc6 bxc6 14. Bb2 Rb8 15. a3 a5 16. Ba1 h6 17. Qa2 Kh7 18. Na4 axb4 19. axb4 Qf7 20. Qc2 f4 21. Nh4 Ng4 22. Be4 Bf5 23. Nxf5 gxf5 24. Bxg7 Kxg7 25. Bxc6 Qh5 26. h4 fxg3 27. fxg3 f4 28. Qc3+ Rf6 29. Rf1 e5 30. Rbd1 Ne3 31. Rde1 Nxf1 32. Rxf1 fxg3 33. Rxf6 Kxf6 34. Qxg3 Rxb4 35. Nc3 Qg6 36. Ne4+ Kg7 37. Qxg6+ Kxg6 38. Nxd6 Kh5 39. Nf7 Rxc4 40. Nxe5 Rc5 41. Bf3+ Kxh4 42. Nd3 Rc2 43. Kh2 Ne6 44. Ne1 Rb2 45. Ng2+ Kg5 46. e3 Ng7 47. e4 Ne6 48. Kg3 h5 49. Bd1 Nc5 50. e5 Ne4+ 51. Kf3 Nc3 52. Ne3 Nxd1 53. Nxd1 Rb5 54. Ke4 h4 55. Nf2 Rb2 56. Kf3 Rb3+ 57. Ke4 h3 58. e6 Kf6 59. Kd5 Rf3 60. Ng4+ Ke7 61. Ke4 Rg3 62. Nh2 Rg2 0-1

[Event "Banska Bystrica op-B"]
[Site "Banska Bystrica"]
[Date "2013.09.14"]
[Round "6"]
[White "Nemergut, Matej"]
[Black "Lukac, Roman"]
[Result "1/2-1/2"]
[WhiteElo "1923"]
[BlackElo "2110"]
[PlyCount "84"]
[EventDate "2013.09.13"]
[EventType "swiss (rapid)"]
[EventRounds "9"]
[EventCountry "SVK"]
[SourceTitle "EXT 2014"]
[Source "ChessBase"]
[SourceDate "2013.11.20"]
[SourceVersion "1"]
[SourceVersionDate "2013.11.20"]
[SourceQuality "1"]

1. e4 e5 2. Nf3 Nc6 3. Bb5 a6 4. Bxc6 dxc6 5. 0-0 Bd6 6. d4 exd4 7. Qxd4 f6 8. Re1 Ne7 9. e5 fxe5 10. Nxe5 0-0 11. Bg5 Be6 12. Qh4 Qe8 13. Nc3 Nf5 14. Qe4 Qh5 15. h4 Bxe5 16. Qxe5 Rae8 17. Ne2 Qf7 18. Ng3 Bc8 19. Qc3 Rxe1+ 20. Rxe1 h6 21. Nxf5 Qxf5 22. Be3 Be6 23. Bd4 Rf7 24. Qe3 Bd5 25. c3 Qg4 26. Qg3 Qxg3 27. fxg3 Bxa2 28. Re8+ Kh7 29. Rb8 Bd5 30. Re8 b6 31. Be5 Kg6 32. Rc8 Re7 33. Bxc7 Re2 34. Rd8 Rxg2+ 35. Kf1 Rxb2 36. Be5 a5 37. Rd7 a4 38. g4 Bf7 39. h5+ Kg5 40. Rxf7 Kxg4 41. Rxg7+ Kxh5 42. Ra7 b5 1/2-1/2

[Event "SVK-chT1E 1213"]
[Site "Slovakia"]
[Date "2013.02.03"]
[Round "7.4"]
[White "Nemergut, Matej"]
[Black "Kalata, Peter"]
[Result "0-1"]
[WhiteElo "1928"]
[BlackElo "2165"]
[PlyCount "66"]
[EventDate "2012.10.20"]
[EventType "team-tourn"]
[EventRounds "11"]
[EventCountry "SVK"]
[SourceTitle "EXT 2015"]
[Source "ChessBase"]
[SourceDate "2014.11.20"]
[SourceVersion "1"]
[SourceVersionDate "2014.11.20"]
[SourceQuality "1"]
[WhiteTeam "Stara Lubovna"]
[BlackTeam "Bardejov"]
[WhiteTeamCountry "SVK"]
[BlackTeamCountry "SVK"]

1. e4 c5 2. Nf3 d6 3. d4 cxd4 4. Nxd4 Nf6 5. Nc3 a6 6. Bg5 e6 7. f4 Qc7 8. Qf3 b5 9. a3 Bb7 10. Bxf6 gxf6 11. Qh5 Qc5 12. Qd1 Nc6 13. Nxc6 Bxc6 14. Qe2 Rb8 15. Qf2 a5 16. Bd3 Rg8 17. g3 f5 18. Rf1 Qxf2+ 19. Rxf2 b4 20. axb4 axb4 21. Ne2 fxe4 22. Nd4 Ra8 23. Rxa8+ Bxa8 24. Bb5+ Kd8 25. f5 Bg7 26. fxe6 Bxd4 27. Rxf7 Re8 28. Bxe8 Kxe8 29. Rc7 Bd5 30. c3 bxc3 31. bxc3 Bf6 32. Kd2 Bg5+ 33. Ke1 h5 0-1

[Event "SVK-chT1E 1213"]
[Site "Slovakia"]
[Date "2013.01.13"]
[Round "6.3"]
[White "Hujo, Jozef"]
[Black "Nemergut, Matej"]
[Result "1-0"]
[WhiteElo "2079"]
[BlackElo "1928"]
[PlyCount "37"]
[EventDate "2012.10.20"]
[EventType "team-tourn"]
[EventRounds "11"]
[EventCountry "SVK"]
[SourceTitle "EXT 2015"]
[Source "ChessBase"]
[SourceDate "2014.11.20"]
[SourceVersion "1"]
[SourceVersionDate "2014.11.20"]
[SourceQuality "1"]
[WhiteTeam "Michalovce Zemplin"]
[BlackTeam "Stara Lubovna"]
[WhiteTeamCountry "SVK"]
[BlackTeamCountry "SVK"]

1. d4 d5 2. Nf3 e6 3. e3 Nf6 4. Bd3 c5 5. b3 Nc6 6. Bb2 Bd6 7. Ne5 0-0 8. f4 Ne4 9. 0-0 Qb6 10. Bxe4 dxe4 11. Nc4 Qc7 12. Nc3 Be7 13. dxc5 f5 14. Nb5 Qb8 15. Nbd6 b5 16. cxb6 axb6 17. Nxc8 Rxc8 18. Qd7 Kf7 19. Rfd1 1-0

[Event "SVK-chT1E 1213"]
[Site "Slovakia"]
[Date "2012.12.08"]
[Round "3.7"]
[White "Trebula, Jozef"]
[Black "Nemergut, Matej"]
[Result "1-0"]
[WhiteElo "2059"]
[BlackElo "1928"]
[PlyCount "39"]
[EventDate "2012.10.20"]
[EventType "team-tourn"]
[EventRounds "11"]
[EventCountry "SVK"]
[SourceTitle "EXT 2014"]
[Source "ChessBase"]
[SourceDate "2013.11.20"]
[SourceVersion "1"]
[SourceVersionDate "2013.11.20"]
[SourceQuality "1"]
[WhiteTeam "Banska Bystrica Junior"]
[BlackTeam "Stara Lubovna"]
[WhiteTeamCountry "SVK"]
[BlackTeamCountry "SVK"]

1. e4 e6 2. d4 d5 3. Nd2 Nf6 4. e5 Nfd7 5. Bd3 c5 6. c3 Nc6 7. Ne2 cxd4 8. cxd4 f6 9. exf6 Nxf6 10. 0-0 Bd6 11. Nf3 0-0 12. Nc3 Bd7 13. Re1 Qb6 14. a3 Kh8 15. Bc2 Rae8 16. Bg5 Re7 17. Qd3 a6 18. Bxf6 gxf6 19. Nxd5 Qb5 20. Qxb5 1-0

[Event "Liptovsky Mikulas CupT U20"]
[Site "Liptovsky Mikulas"]
[Date "2012.06.24"]
[Round "5.2"]
[White "Nemergut, Matej"]
[Black "Jajte Pachota, Maciej"]
[Result "0-1"]
[WhiteElo "2011"]
[BlackElo "1759"]
[PlyCount "92"]
[EventDate "2012.06.22"]
[EventType "team-swiss"]
[EventRounds "9"]
[EventCountry "SVK"]
[SourceTitle "CBM 149 Extra"]
[Source "ChessBase"]
[SourceDate "2012.08.24"]
[SourceVersion "1"]
[SourceVersionDate "2012.08.24"]
[SourceQuality "1"]
[WhiteTeam "Stara Lubovna"]
[BlackTeam "Krakow CC"]
[WhiteTeamCountry "SVK"]
[BlackTeamCountry "POL"]

1. d4 Nf6 2. c4 c5 3. d5 b5 4. cxb5 a6 5. bxa6 Bxa6 6. g3 d6 7. Bg2 g6 8. Nc3 Bg7 9. Nf3 0-0 10. 0-0 Nbd7 11. Qc2 Qa5 12. Bd2 Qc7 13. Rfe1 Rfb8 14. e4 Ng4 15. h3 Nge5 16. Nxe5 Nxe5 17. Bc1 Nd3 18. Re3 c4 19. Bf1 Bd4 20. Rxd3 cxd3 21. Bxd3 Qc5 22. Bxa6 Rxa6 23. Qe2 Ra3 24. Be3 Bxe3 25. fxe3 Ra7 26. Rc1 Qb4 27. Rc2 Rc7 28. Kf2 Rbc8 29. Rd2 Rb8 30. a3 Qb3 31. Qd1 Qxd1 32. Nxd1 Rc1 33. Ke2 Rb3 34. Kf3 Rb1 35. Ke2 Rc1 36. Kf3 Kg7 37. Nc3 Kf6 38. Rf2 Ke5 39. Kg4 f6 40. Kh4 Re1 41. Rf3 Rxb2 42. a4 Rb4 43. g4 Rc4 44. Nb5 Rxa4 45. Nd4 Rxd4 46. exd4+ Kxd4 0-1

[Event "SVK-chT U20 final"]
[Site "Liptovsky Hradok"]
[Date "2012.04.29"]
[Round "4.2"]
[White "Turkova, Karolina"]
[Black "Nemergut, Matej"]
[Result "1/2-1/2"]
[WhiteElo "1981"]
[BlackElo "1954"]
[PlyCount "67"]
[EventDate "2012.04.27"]
[EventType "team-tourn"]
[EventRounds "5"]
[EventCountry "SVK"]
[SourceTitle "CBM 148 Extra"]
[Source "ChessBase"]
[SourceDate "2012.06.22"]
[SourceVersion "1"]
[SourceVersionDate "2012.06.22"]
[SourceQuality "1"]
[WhiteTeam "Liptov Chess School"]
[BlackTeam "Stara Lubovna"]
[WhiteTeamCountry "SVK"]
[BlackTeamCountry "SVK"]

1. e4 e5 2. Nf3 Nc6 3. Bb5 Nf6 4. 0-0 Nxe4 5. d4 Nd6 6. Bxc6 dxc6 7. dxe5 Nf5 8. Qxd8+ Kxd8 9. Nc3 h6 10. b3 Bd7 11. Bb2 Kc8 12. Rad1 Be7 13. Rfe1 Be6 14. Ne2 g5 15. Nfd4 Nxd4 16. Nxd4 Rd8 17. Kf1 c5 18. Nxe6 fxe6 19. Ke2 c6 20. Rxd8+ Kxd8 21. Rd1+ Kc7 22. Rd3 Rh8 23. Rf3 Rh7 24. Kd3 g4 25. Rg3 h5 26. Ke2 Rf7 27. Rd3 Rf4 28. Bc1 Rf5 29. Bb2 Bf8 30. g3 a6 31. f4 Be7 32. Ke3 Bf8 33. Bc1 Be7 34. Bb2 1/2-1/2

[Event "SVK-chT U20 final"]
[Site "Liptovsky Hradok"]
[Date "2012.04.28"]
[Round "2.2"]
[White "Nemergut, Matej"]
[Black "Harvan, Richard"]
[Result "1/2-1/2"]
[WhiteElo "1954"]
[BlackElo "1983"]
[PlyCount "84"]
[EventDate "2012.04.27"]
[EventType "team-tourn"]
[EventRounds "5"]
[EventCountry "SVK"]
[SourceTitle "CBM 148 Extra"]
[Source "ChessBase"]
[SourceDate "2012.06.22"]
[SourceVersion "1"]
[SourceVersionDate "2012.06.22"]
[SourceQuality "1"]
[WhiteTeam "Stara Lubovna"]
[BlackTeam "Kosice Slavia"]
[WhiteTeamCountry "SVK"]
[BlackTeamCountry "SVK"]

1. e4 c5 2. Nf3 Nc6 3. d4 cxd4 4. Nxd4 Nf6 5. Nc3 d6 6. g3 g6 7. Bg2 Bd7 8. 0-0 Bg7 9. Nde2 0-0 10. h3 Ne5 11. Kh2 Qc7 12. f4 Nc4 13. b3 Na5 14. Bd2 Rac8 15. Rc1 b5 16. Qe1 Nb7 17. e5 dxe5 18. fxe5 Nh5 19. Nd5 Qxe5 20. Nef4 Rce8 21. Qf2 Nxf4 22. Bxf4 Qh5 23. Nc7 Rc8 24. Bxb7 Bxh3 25. Bf3 Bg4+ 26. Kg1 Bxf3 27. Qxf3 Qxf3 28. Rxf3 e5 29. Nd5 exf4 30. Ne7+ Kh8 31. Nxc8 Rxc8 32. gxf4 Bb2 33. Rd1 Rxc2 34. Rf2 Rc1 35. Rxc1 Bxc1 36. Kg2 Kg7 37. Kf3 a5 38. Rc2 Ba3 39. Rc6 Be7 40. Rc7 Kf6 41. Rc6+ Kg7 42. Rc7 Bf8 1/2-1/2

[Event "SVK-chT U20 final"]
[Site "Liptovsky Hradok"]
[Date "2012.04.27"]
[Round "1.2"]
[White "Jozefek, Michal"]
[Black "Nemergut, Matej"]
[Result "1-0"]
[WhiteElo "1916"]
[BlackElo "1954"]
[PlyCount "49"]
[EventDate "2012.04.27"]
[EventType "team-tourn"]
[EventRounds "5"]
[EventCountry "SVK"]
[SourceTitle "CBM 148 Extra"]
[Source "ChessBase"]
[SourceDate "2012.06.22"]
[SourceVersion "1"]
[SourceVersionDate "2012.06.22"]
[SourceQuality "1"]
[WhiteTeam "Osuske"]
[BlackTeam "Stara Lubovna"]
[WhiteTeamCountry "SVK"]
[BlackTeamCountry "SVK"]

1. d4 f5 2. c4 Nf6 3. g3 g6 4. Bg2 Bg7 5. Nf3 0-0 6. 0-0 d6 7. d5 c6 8. Nc3 e5 9. dxe6 Bxe6 10. Qd3 Na6 11. Ng5 Nc5 12. Nxe6 Nxe6 13. b4 Ng4 14. e3 a5 15. b5 Nc5 16. Qc2 cxb5 17. cxb5 Qd7 18. Bb2 Rac8 19. a4 Ne5 20. Nd5 Ncd3 21. Qb3 Kh8 22. Bxe5 Nxe5 23. Nb6 Qc7 24. Nxc8 Rxc8 25. Qd5 1-0

[Event "SVK-ch U18"]
[Site "Lubovnianske Kupele"]
[Date "2012.03.21"]
[Round "6"]
[White "Sosovicka, Juraj"]
[Black "Nemergut, Matej"]
[Result "1-0"]
[WhiteElo "2133"]
[BlackElo "1954"]
[PlyCount "65"]
[EventDate "2012.03.17"]
[EventType "swiss"]
[EventRounds "9"]
[EventCountry "SVK"]
[SourceTitle "CBM 147 Extra"]
[Source "ChessBase"]
[SourceDate "2012.04.24"]
[SourceVersion "1"]
[SourceVersionDate "2012.04.24"]
[SourceQuality "1"]

1. d4 Nf6 2. c4 g6 3. Nc3 d5 4. Bf4 Bg7 5. e3 0-0 6. Nf3 c6 7. h3 Qb6 8. Qd2 Nbd7 9. Bd3 Re8 10. Bh2 Qd8 11. 0-0 dxc4 12. Bxc4 b5 13. Bd3 Bb7 14. e4 a6 15. e5 Nd5 16. Nxd5 cxd5 17. e6 fxe6 18. Rae1 Qb6 19. Qe2 e5 20. Nxe5 Nxe5 21. Bxe5 Bxe5 22. Qxe5 Rac8 23. f4 Qf6 24. f5 g5 25. Rf3 Qxe5 26. Rxe5 Kf7 27. Rfe3 Rc6 28. f6 Rxf6 29. Bxh7 e6 30. Rxg5 Rh8 31. Bd3 Rc8 32. Reg3 Rc1+ 33. Kh2 1-0

[Event "SVK-ch U18"]
[Site "Lubovnianske Kupele"]
[Date "2012.03.20"]
[Round "5"]
[White "Nemergut, Matej"]
[Black "Voros, Gellert"]
[Result "0-1"]
[WhiteElo "1954"]
[BlackElo "1995"]
[PlyCount "64"]
[EventDate "2012.03.17"]
[EventType "swiss"]
[EventRounds "9"]
[EventCountry "SVK"]
[SourceTitle "CBM 147 Extra"]
[Source "ChessBase"]
[SourceDate "2012.04.24"]
[SourceVersion "1"]
[SourceVersionDate "2012.04.24"]
[SourceQuality "1"]

1. e4 e5 2. Nf3 Nc6 3. Bc4 Bc5 4. c3 Nf6 5. d4 exd4 6. cxd4 Bb4+ 7. Nc3 Nxe4 8. 0-0 Bxc3 9. d5 Bf6 10. Re1 Ne7 11. Rxe4 d6 12. Bg5 Bxg5 13. Nxg5 h6 14. Qe2 hxg5 15. Re1 Be6 16. h3 c6 17. dxe6 f6 18. Re3 d5 19. Bd3 Qd6 20. Rg3 0-0-0 21. Ba6 Rh4 22. Bd3 Kb8 23. Qc2 Rdh8 24. Ree3 g4 25. Rxg4 Rxg4 26. hxg4 Qh2+ 27. Kf1 Qh1+ 28. Ke2 Qxg2 29. Rg3 Qxg3 30. fxg3 Rh2+ 31. Kf3 Rxc2 32. Bxc2 Kc7 0-1

[Event "SVK-ch U18"]
[Site "Lubovnianske Kupele"]
[Date "2012.03.19"]
[Round "3"]
[White "Hajek, Lukas1111"]
[Black "Nemergut, Matej"]
[Result "0-1"]
[WhiteElo "2024"]
[BlackElo "1954"]
[PlyCount "56"]
[EventDate "2012.03.17"]
[EventType "swiss"]
[EventRounds "9"]
[EventCountry "SVK"]
[SourceTitle "CBM 147 Extra"]
[Source "ChessBase"]
[SourceDate "2012.04.24"]
[SourceVersion "1"]
[SourceVersionDate "2012.04.24"]
[SourceQuality "1"]

1. d4 d5 2. c4 c6 3. Nf3 Nf6 4. e3 Bf5 5. Nc3 e6 6. Qb3 Qc7 7. Nh4 Be4 8. f3 Bg6 9. Bd2 Nbd7 10. Be2 Be7 11. Nxg6 hxg6 12. g3 Bd6 13. 0-0-0 dxc4 14. Bxc4 b5 15. Bd3 a5 16. Qc2 0-0 17. g4 Nb6 18. h4 a4 19. Ne4 Nxe4 20. Bxe4 b4 21. Kb1 b3 22. axb3 axb3 23. Qxb3 Rfb8 24. Bc1 Nd5 25. Qc4 Nb4 26. Bd2 Qa5 27. Bxb4 Rxb4 28. Qc3 Qa2+ 0-1

[Event "Martin op"]
[Site "Martin"]
[Date "2011.11.19"]
[Round "5"]
[White "Druska, Juraj"]
[Black "Nemergut, Matej"]
[Result "1-0"]
[WhiteElo "2323"]
[BlackElo "1952"]
[PlyCount "29"]
[EventDate "2011.11.16"]
[EventType "swiss"]
[EventRounds "7"]
[EventCountry "SVK"]
[SourceTitle "EXT 2012"]
[Source "ChessBase"]
[SourceDate "2011.11.24"]
[SourceVersion "1"]
[SourceVersionDate "2011.11.24"]
[SourceQuality "1"]

1. d4 e6 2. Nf3 d5 3. c4 Nf6 4. Nc3 c6 5. e3 Nbd7 6. Bd3 Bd6 7. 0-0 0-0 8. e4 dxc4 9. Bxc4 e5 10. Bg5 h6 11. Bh4 b5 12. Bb3 a6 13. Bg3 Qe7 14. Nh4 g6 15. Nxg6 1-0